| 000 | 00812nam a2200253Ia 4500 | ||
|---|---|---|---|
| 003 | OSt | ||
| 005 | 20220925195503.0 | ||
| 006 | a|||||r|||| 00| 0 | ||
| 007 | ta | ||
| 008 | 220923b |||||||| |||| 00| 0 eng d | ||
| 020 |
_a9780990505037 _c2490.25 |
||
| 037 |
_b1909, 11/01/2019, Dhanraj Book House _cGeneral Book |
||
| 040 |
_aRTL _cRTL _beng |
||
| 041 |
_2eng _aeng |
||
| 082 | _aY736.1, Q5 | ||
| 100 |
_aDE CASTRO Eduardo Viveiros _9254682 |
||
| 245 | 0 |
_aRelative native _b Essays on indigenous conceptual worlds |
|
| 260 |
_aChicago _bHau Books _c2015 |
||
| 300 |
_avi,355p _ccm. |
||
| 500 | _aBibliography chapterwise | ||
| 650 | _aSociology | ||
| 942 |
_hY736.1, Q5 _cGB _2CC |
||
| 999 |
_c533106 _d533106 |
||